Normal view
MARC view
- Froberg, Ralf
Entry Personal Name
001 - CONTROL NUMBER
- control field: 95750
003 - CONTROL NUMBER IDENTIFIER
- control field: NUST
005 - DATE AND TIME OF LATEST TRANSACTION
- control field: 20220729104826.0
008 - FIXED-LENGTH DATA ELEMENTS
- fixed length control field: 220729|| aca||aabn | a|a d
040 ## - CATALOGING SOURCE
- Original cataloging agency: NUST
- Transcribing agency: NUST
100 ## - HEADING--PERSONAL NAME
- Personal name: Froberg, Ralf
670 ## - SOURCE DATA FOUND
- Source citation: Work cat.: (NUST)188706: Froberg, Ralf., An Introduction to Grobner Bases /, c1997.
